Harmful Tax Practices - Peer Review Reports on the Exchange of Information on Tax Rulings Inclusive Framework on BEPS: Action 5

Saved in:
Bibliographic Details
Format: Book
Language:English
Published: Paris OECD 2017
Subjects:
Tags: Add Tag
No Tags, Be the first to tag this record!

MARC

LEADER 00000nam a2200000 4500
001 0242759
005 20240314123009.7
020 |a 978-92-64-28569-9 
041 0 |a eng 
044 |a FR 
245 1 0 |a Harmful Tax Practices - Peer Review Reports on the Exchange of Information on Tax Rulings  |b Inclusive Framework on BEPS: Action 5 
264 1 |a Paris  |b OECD  |c 2017 
300 |a 301 s. 
610 2 0 |a dane 
610 2 0 |a politika daňová 
610 2 0 |a projekty medzinárodné 
610 2 0 |a smernice 
610 2 0 |a spolupráca medzinárodná 
610 2 0 |a výmena informácií 
610 2 0 |a predpisy daňové 
610 2 0 |a transparentnosť 
610 2 0 |a dohody medzinárodné 
610 2 0 |a OECD 
610 2 0 |a G20